000 00479cam a2200181ua 4500
001 600
008 110409n ii |||gr||||Z||||||eng
040 _cMAIN
082 _a327.11
245 1 2 _aTheoretical aspects of international politics.
_cBy Mohendra Kumar.
250 _a6th.
260 _aAgra.:
_bShiva Lal Agarwala & co.,998.
300 _axvi, 496 p.:5 cm.
653 _aPolitical science.
653 _aTheoretical aspects.
700 1 _aKumar, Mohendra.,
942 _cBK
999 _c533
_d533